Sê khôp Truyện danh nhân

Shranjeno v:
Bibliografske podrobnosti
Glavni avtor: Phan Hồng Giang
Format: Knjiga
Jezik:Vietnamese
Izdano: H. Văn Hóa 1979
Teme:
Oznake: Označite
Brez oznak, prvi označite!
Thư viện lưu trữ: Mạng thư viện Đại học Đà Nẵng
LEADER 01117nam a22003618a 4500
001 000006725
003 2885
005 20120517160546.0
008 110920s1979 b 000 0 od
020 |c 9000đ  |d 1000b 
041 0 |a 0107 
041 0 |a vie 
080 |a v23 
082 |a 891.73  |b PH-G 
084 |a V6(1)7-44  |b A109S 
100 1 |a Phan Hồng Giang 
245 1 0 |a Sê khôp  |b Truyện danh nhân  |c Phan Hồng Giang 
260 |a H.  |b Văn Hóa  |c 1979 
300 |a 290 tr.  |c 19 cm. 
500 |a Thư mục: tr. 284-289 
653 |a Truyện danh nhân 
653 |a Văn học hiện đại 
910 |a Huỳnh Thị Cẩm Lai  |d 20/09/2011 
OWN |a LSP 
AVA |a UDN50  |b LSP  |d 891.73 PH-G  |e available  |t Error 5001 Not defined in file expand_doc_bib_avail.  |f 3  |g 1  |h N  |i 0  |k 1 
999 |a From the UDN01 
AVA |a UDN50  |b LSP  |d 891.73 PH-G  |e available  |t Error 5001 Not defined in file expand_doc_bib_avail.  |f 3  |g 1  |h N  |i 0  |k 1 
TYP |a Monograph 
TYP |a Printed language 
980 |a Mạng thư viện Đại học Đà Nẵng